|
|
|
|
| LEADER |
00000ny a22000003n 4500 |
| 005 |
20110523133526.0 |
| 008 |
080610s2005 sp s 000 0 spa c |
| 035 |
|
|
|a 1274
|
| 040 |
|
|
|a UMA.RE
|d vLex
|
| 080 |
|
|
|a 339-67(4-672 UE)
|
| 080 |
|
|
|a 339.923(8=6 MERCOSUR)(0.034)
|
| 090 |
|
|
|c 161
|d 161
|
| 100 |
1 |
|
|a Valsera Prieto, Ana Belň
|
| 245 |
1 |
3 |
|a El marco institucional de dos procesos de integracin̤ con x̌ito
|h [Recurso electrn̤ico]
|b UE y MERCOSUR /
|c Ana Belň Valsera Prieto
|
| 256 |
|
|
|a Servicio en ln̕ea
|
| 260 |
|
|
|a Barcelona :
|b vLex,
|c 2005
|
| 506 |
1 |
|
|a Contenido solo disponible en los productos indicados
|d vLex Global
|d vLex Global (Academic Edition, excluding Law Schools)
|d vLex Global (U.S. Academic Edition, Law Schools)
|d vLex Global (U.S. Academic Edition, excluding Law Schools)
|d vLex Global (Academic Edition, Law Schools)
|
| 650 |
0 |
7 |
|2 Tesauro vLex
|a Comunitario
|
| 650 |
0 |
7 |
|2 Tesauro vLex
|a Derecho comunitario
|
| 740 |
0 |
|
|a vLex Libros (Servicios en ln̕ea)
|
| 856 |
4 |
0 |
|z Acceso restringido
|u http://vlex.com/source/marco-institucional-procesos-integracion-ue-mercosur-1274
|
| 942 |
|
|
|c BOOK
|
| 999 |
0 |
|
|a Law--European Union countries
|b Barcelona
|